|
|
|
|
| LEADER |
00000nam0a2200000 4500 |
| 001 |
67222 |
| 005 |
20231031073402.0 |
| 010 |
|
|
|a 5778203187
|
| 035 |
|
|
|a (RuTPU)RU\TPU\book\71584
|
| 090 |
|
|
|a 67222
|
| 100 |
|
|
|a 20040914d2002 k y0rusy50 ca
|
| 101 |
0 |
|
|a rus
|
| 102 |
|
|
|a RU
|
| 105 |
|
|
|a a z 001zy
|
| 200 |
1 |
|
|a Лазерные доплеровские измерительные технологии
|f Ю. Н. Дубнищев
|g Новосибирский государственный технический университет
|
| 210 |
|
|
|a Новосибирск
|c Изд-во НГТУ
|d 2002
|
| 215 |
|
|
|a 416 с.
|c ил.
|
| 320 |
|
|
|a Библиогр.: с. 412-414.
|
| 330 |
|
|
|a Монография содержит систематическое изложение методов и средств лазерных доплеровских измерений кинематических параметров потоков газовых и конденсированных сред. Анализируется связь между параметрами исследуемой среды и характеристиками оптического сигнала. Вводятся и обобщаются новые важные результаты, полученные в последние годы. Прослеживается общность подходов в анализе и синтезе оптических средств диагностики потоков, действие которых основано на эффекте Доплера. Обсуждаются методы формирования, преобразования и обработки сигналов оптическими и электронными средствами, анализа и синтеза соответствующих измерительных систем и их применение в экспериментальной гидро- и аэродинамике. Изложение основывается на теории линейных систем в оптике, что делает книгу понятной читателям самых различных специальностей. Предназначена для специалистов в области оптики, измерительной техники, экспериментальной гидро- и аэродинамики, студентов и аспирантов соответствующего профиля, а также для всех лиц, профессиональная деятельность которых связана с применением оптических методов диагностики в научных исследованиях и промышленности.
|
| 610 |
1 |
|
|a оптика
|
| 610 |
1 |
|
|a оптические сигналы
|
| 610 |
1 |
|
|a линейные системы
|
| 610 |
1 |
|
|a преобразование Фурье
|
| 610 |
1 |
|
|a гауссовы пучки
|
| 610 |
1 |
|
|a эффект Доплера
|
| 610 |
1 |
|
|a лазерные доплеровские анемометры
|
| 610 |
1 |
|
|a доплеровская анемометрия
|
| 610 |
1 |
|
|a движущиеся среды
|
| 610 |
1 |
|
|a диагностика
|
| 610 |
1 |
|
|a обработка
|
| 610 |
1 |
|
|a преобразование
|
| 610 |
1 |
|
|a лазерные устройства
|
| 610 |
1 |
|
|a применение
|
| 610 |
1 |
|
|a реализация
|
| 610 |
1 |
|
|a измерения
|
| 610 |
1 |
|
|a оптические методы
|
| 610 |
1 |
|
|a сигналы
|
| 675 |
|
|
|a 535.338.3
|v 3
|
| 700 |
|
1 |
|a Дубнищев
|b Ю. Н.
|g Юрий Николаевич
|
| 712 |
0 |
2 |
|a Новосибирский государственный технический университет
|2 stltpush
|3 (RuTPU)RU\TPU\col\36
|
| 801 |
|
1 |
|a RU
|b 63413507
|c 20040914
|g PSBO
|
| 801 |
|
2 |
|a RU
|b 63413507
|c 20150518
|g PSBO
|
| 900 |
|
|
|a Оптико-электронные системы
|
| 900 |
|
|
|a Лазерная технология и оборудование
|
| 900 |
|
|
|a Преобразование измерительных сигналов
|
| 942 |
|
|
|c BK
|